MDQL
is popping MORE tags! Check the
thread
!
Quizzes
Events
Quiz Creation
Community
Videos
Private Events
Remove Ads
Sign In
Join for FREE
Feedback
Dark Mode
Quiz Categories
Sports
Geography
Music
Movies
Television
Just For Fun
Miscellaneous
History
Literature
Language
Science
Gaming
Entertainment
Religion
Holiday
For Kids
Quiz Lab
Recent
Popular Today
Quiz Kudos Today
Editor Picks
Curator Picks
Quizzes by...
Day
Popularity
Type
Ratings
Length
Year
Community
Subscriptions
Recent Discussions
Orange Saloon
Badges
Playlists
Quests
Create
Leaderboards
Showdown
Live 5
Trivia Bingo
Activity
Puzzle Library
Sporcle Events
Private Events
Virtual Trivia
Globe League
Become a Host
Pub Owners
SporcleCon
Opinionation
Our Games
Videos
Blog
Mobile Apps
Partnerships
Remove Ads and Go Orange
Feedback
Sports
Athletes
MLB
NBA
NHL
NFL
Soccer
Sports Teams
WWE
NCAA
Football
Premier League
Basketball
Baseball
Hockey
Golf
Tennis
Cricket
Rugby
Auto Racing
Olympics
World Cup
Sports
Athletes
MLB
NBA
NHL
NFL
Soccer
Sports Teams
WWE
NCAA
Football
Premier League
Basketball
Baseball
Hockey
Golf
Tennis
Cricket
Rugby
Auto Racing
Olympics
World Cup
Random Quiz
Search Sporcle
×
Quiz Lab
Quiz Lab
Sports
NFL
Type in answers that appear in a list
Type in answers that appear in a list
Classic
Best Score? Go Orange.
NFL - Career 1,000+ Points Stats
Can you name the players that have scored 1,000 or more points in their NFL careers?
By
jaysee
12m
64 Questions
175 Plays
175 Plays
175 Plays
Comments
Comments
Give Quiz Kudos
Give Quiz Kudos
-
- Ratings
hide this ad
More Info
Replay
Link that replays current quiz
Next Quiz
Link to next quiz in quiz playlist
You Got
0%
They Got
Avg Score
36%
Avg Friend Score
Upgrade to see
Score Distribution
Jump to the score distribution portion of the page
Score
0/64
Timer
12:00
0
Plays Today
Points
Player
% Correct
2,544
Morten Andersen
88.6%
2,434
Gary Anderson
87.4%
1,256
Jerry Rice
80.6%
1,875
Stephen Gostkowski
76.9%
1,360
Justin Tucker
76.9%
2,150
Jason Hanson
76%
1,052
Emmitt Smith
76%
2,673
Adam Vinatieri
74.9%
1,913
Sebastian Janikowski
74.3%
2,002
George Blanda
72.6%
1,830
Robbie Gould
69.2%
1,806
Mason Crosby
69.2%
1,983
Jason Elam
68%
1,721
David Akers
66.3%
1,591
Matt Prater
61.5%
1,736
Norm Johnson
59.4%
1,395
Josh Brown
57.7%
1,123
Kris Brown
57.1%
1,699
Jan Stenerud
56.6%
1,970
John Kasay
54.3%
2,004
Matt Stover
53.7%
1,067
Mike Vanderjagt
52.6%
1,555
Olindo Mare
52%
1,130
Dan Bailey
50%
2,062
John Carney
47.4%
1,687
Ryan Longwell
46.9%
1,847
Phil Dawson
46.9%
1,608
Lou Groza
46.3%
1,711
Nick Lowery
44%
1,382
Mark Moseley
44%
1,422
Matt Bahr
43.4%
1,213
Chris Bahr
43.4%
Points
Player
% Correct
1,389
Nick Folk
42.3%
1,476
Steve Christie
41.7%
1,758
Matt Bryant
41.7%
1,208
Kevin Butler
38.9%
1,164
Neil Rackers
37.1%
1,584
Al Del Greco
36.6%
1,260
Shayne Graham
36.6%
1,594
Eddie Murray
36%
1,149
Stephen Hauschka
34.6%
1,131
Greg Zuerlein
34.6%
1,470
Pat Leahy
32.6%
1,416
Jeff Wilkins
30.9%
1,074
Garo Yepremian
30.9%
1,196
Graham Gano
30.8%
1,246
Jim Breech
29.7%
1,122
Ray Wersching
27.4%
1,032
Rob Bironas
26.9%
1,236
Pete Stoyanovich
26.9%
1,439
Jim Turner
26.3%
1,350
Rian Lindell
25.7%
1,380
Jim Bakken
25.1%
1,180
Mike Nugent
23.1%
1,113
Joe Nedney
21.1%
1,365
Fred Cox
20%
1,313
Ryan Succop
19.2%
1,046
Josh Scobee
19.2%
1,451
Jay Feely
18.3%
1,008
Jeff Jaeger
16%
1,130
Gino Cappelletti
14.3%
1,080
Don Cockroft
13.7%
1,043
Todd Peterson
11.4%
1,031
Bruce Gossett
5.1%
Quiz Playlist
Details
Report
Send in Message
Add To Playlist
More Info:
Name the NFL players that have scored more than 1,000 points in their careers. * = Hall of Fame. Updated through 2021 NFL season
Classic:
Type in answers that appear in a list
Quiz Source
Last Updated: Jan 25, 2022
Quiz Scoreboard
CHALLENGE
Sign Up to Join the Scoreboard
Show All
Scores
Hide
Comments
May contain spoilers
Recently Published
Colored Red Africa Blitz
by spor1
Geography
30s
Find the 'City' Movie
by crazypaving
Movies
60s
5x2 Blitz: Bands
by SL_Kpop136
Music
30s
More to Explore
Quiz From the Vault
Featured Blog Post
14 Easter Pick-up Lines to Find Eggs With
hide this ad
You Might Also Like...
Tags
NFL Quiz
1000 Point
Career Leaders
Field Goal
Hall of Fame
Most Points
Points Leaders
Pro Bowl
Scoring Leaders
Touchdown
Touchdown Scorers
Today's Top Quizzes in Sports
Browse Sports
hide this ad
Today's Top Quizzes in NFL
Browse NFL
Top Contributed Quizzes in Sports
1
Les meilleurs buteurs des matchs entre le PSG et l’OM
2
Les entraîneurs de l'OM et du PSG au 21e siècle
3
Les joueurs passés par le PSG et l'OM
4
2022 World Cup Stars
5
Players with Multiple 50 Home Run Seasons
6
Criteria MLB: Left Handed Sluggers
7
MLB Players with Two .350 Batting Average Seasons
8
Les joueurs passés par le LOSC et le RC Lens
9
NBA Logic Puzzle 2.0
10
Top 10 NHL Goal Scorers of All Time
Explore More
Trending Topics
Marvel
Crossword
NBA
Disney
Anime
Kpop
Harry Potter
WWE
Pokémon
Puzzle
Country
Song
NFL
Soccer
The Office
hide this ad
More By:
jaysee
Quiz
Plays
Rating
Category
Featured
Created
NBA All-Stars by Current Team
968,960
4.20
Sports
Feb 2, 2011
MLB Most Seasons with 20+ HR
57,097
4.50
Sports
Oct 8, 2013
Three-Word Bands Slot Machine III
37,064
4.32
Music
Nov 29, 2010
MLB - Opening Day All-Star Lineups
14,066
4.81
Sports
Dec 3, 2013
NFL - Top 5 Career Rushing Yards Per Draft
12,842
4.76
Sports
Nov 2, 2012
Go to Creator's Profile
Score Distribution
Quiz Creator Spotlight
jaysee
Follow
Send a Message
Quizzes Created
-
Created Quiz Play Count
-
More By This Creator
Popular Quizzes Today
1
Colored Red Africa Blitz
2
Find the US States - No Outlines Minefield
3
Find the 'City' Movie
4
5x2 Blitz: Bands
5
The Countries of the World
6
Find the US States
7
Find the Countries of Europe - No Outlines Minefield
8
US States
More Sports Quizzes
Premier League 2010/11: Manchester United champion
Quiz Lab
Trending Quizzes
Colored Red Europe Blitz I
Colored Red Europe Blitz II
Colored Red Africa Blitz II
Colored Red Europe Blitz III
Colored Red Africa Blitz III
Recently Updated
How Do You Spell That?
pecheneg
Godzilla Movies
pecheneg
Grab Bag: 4-10 Letters
pecheneg
2024 March Madness Bracket
pecheneg
Famous TV Couples
Peacemaker
Champions League XIs: Real Madrid
pecheneg
Largest US Cities 1790-2010
pecheneg
Rides in Walt Disney World
pecheneg
Most Oscar Losses (Acting)
pecheneg
Beyoncé Albums
pecheneg
Trending Topics
NBA
Disney
Anime
Kpop
Crossword
Harry Potter
Marvel
Pokémon
Country
Puzzle
Song
The Office
Soccer
WWE
NFL
Your Account Isn't Verified!
In order to create a playlist on Sporcle, you need to verify the email address you used during registration. Go to your
Sporcle Settings
to finish the process.
Report this User
Report this user for behavior that violates our
Community Guidelines
.
Details:
Send Report
Go to the Sporcle.com Mobile Site →
Comments